Hacia una visión histórico-anticipativa de los países del Mercosur, España y Portugal en término de una dinámica societal basada en el cambio generacional de las motivaciones de sus habitantes (Registro nro. 31449)

Detalles MARC
000 -LEADER
fixed length control field 00486 a2200109 4500
001 - CONTROL NUMBER
control field ART_30648
005 - DATE AND TIME OF LATEST TRANSACTION
control field 20260410162003.0
008 - FIXED-LENGTH DATA ELEMENTS--GENERAL INFORMATION
fixed length control field 260409a
100 1# - MAIN ENTRY--PERSONAL NAME
Personal name Mallmann, Carlos Alberto
245 10 - TITLE STATEMENT
Title Hacia una visión histórico-anticipativa de los países del Mercosur, España y Portugal en término de una dinámica societal basada en el cambio generacional de las motivaciones de sus habitantes
773 0# - HOST ITEM ENTRY
Title Foro económico
Related parts - Año V, Nº 9 (dic. 1999)
Record control number REV30369

No hay ítems disponibles.